[Event "ROU-ch Women 2021"]
[Site "Iasi"]
[Date "2021.04.20"]
[Round "2.4"]
[White "Andries, Alexia"]
[Black "Anghel, Maria"]
[Result "1-0"]
[WhiteElo "1553"]
[BlackElo "1918"]
[Annotator "TA"]
[PlyCount "93"]
[EventDate "2021.04.19"]
[EventType "swiss"]
[EventCountry "ROU"]
[SourceTitle "playchess.com"]
[Source "ChessBase"]
[SourceQuality "1"]

{[%evp 21,93,0,44,33,45,-22,-21,-37,-16,-19,-18,-75,80,54,134,134,161,-99,169,0,580,556,669,679,668,633,958,944,943,938,887,674,671,654,713,728,742,713,667,606,839,677,674,499,634,634,693,492,499,495,513,466,461,494,512,504,451,469,500,14,417,0,770,735,5247,5289,2390,2314,29993,29993,29993,29991,29991,29992]} 1. d4 Nf6 2. Nf3 e6 3. c4 b6 4. Nc3 Bb4 5. Bg5 Bb7 6. a3 Bxc3+ 7. bxc3 d6 8. e3 O-O 9. Bd3 Nbd7 10. O-O h6 11. Bh4 c5 12. Re1 {[#] E24: Nimzo-Indian: Sämisch: Unusual Black 5th moves and 5...c5 sidelines.} e5 $146 {And now ...e4 would win.} ({Predecessor:} 12... Rc8 13. a4 e5 14. dxe5 Nxe5 15. Nxe5 dxe5 16. Bf5 Rc6 17. Qxd8 Rxd8 18. Rad1 Rcd6 19. Rxd6 Rxd6 {0-1 (79) Busu,C (2339)-Nanu,C (2514) Eforie Nord 2008}) 13. d5 (13. Nd2 $14) 13... g5 $11 14. Nxg5 {The position is equal.} hxg5 15. Bxg5 Kg7 16. Bf5 (16. a4 $11 {remains equal.}) 16... Bc8 $2 (16... Qc7 $17 {stays on course.}) 17. e4 $16 {[%mdl 1024] White has strong compensation.} Rh8 ({Black should play} 17... Rg8 $1 $14) 18. Re3 $1 {[%cal Re3g3] Rg3 is the strong threat.} Nf8 {[#]} 19. Rg3 $2 (19. Rf3 $1 $18 {Black must now prevent Bxc8.} Bxf5 20. Rxf5) 19... Ng6 $2 {[%mdl 8192] [#]} (19... Bxf5 $17 20. exf5 Rh7) 20. h4 $2 {White stays focused until the end.} (20. Qf3 $1 $18) 20... Kf8 $2 {[%mdl 8192]} (20... Qg8 $11) 21. Bxg6 $18 {Strongly threatening Qf3.} fxg6 22. Rf3 Bg4 23. Bxf6 Bxf3 24. Qxf3 Qd7 25. Bxh8+ Kg8 {[#]} 26. Bxe5 $1 dxe5 {[%mdl 4096] Endgame KQR-KQR} 27. Qf6 Qg4 28. Qxe5 Qxh4 29. f3 Kf7 30. Qh2 Qf6 31. Qh7+ Kf8 32. Qh6+ Kf7 33. Qe3 Rh8 34. Kf2 Rh2 35. Rg1 Qh4+ 36. Kf1 Qg3 37. e5 Rh5 38. e6+ Ke7 39. Qd2 Kd6 40. Qf2 $2 (40. Qe1 $18 Qf4 41. Qe4 (41. e7 Qxc4+ 42. Kf2 Qh4+ 43. g3 Qxe7 $14) 41... Qc1+ 42. Kf2 Qd2+ 43. Qe2 (43. Kg3 Rg5+ 44. Kh4 Re5 $11) 43... Qxc3 44. f4 Qd4+ 45. Qe3) 40... Qe5 {[%mdl 8192]} (40... Qf4 $1 $11 {and Black has nothing to worry.}) 41. g3 $2 ({White should try} 41. Qe1 $18) 41... Rh3 $2 {[%mdl 8192]} (41... Qxc3 $11 42. g4 Qxc4+ 43. Kg2 Re5) 42. Qe2 Qxc3 43. e7 Qa1+ 44. Kg2 {White wants to mate with Qe6+!} Qh8 45. Qe6+ {White mates.} Kc7 46. d6+ Kb7 47. Qxh3 {Weighted Error Value: White=0.67/Black=1.11} 1-0

[Event "ROU-ch Women 2021"]
[Site "Iasi"]
[Date "2021.04.20"]
[Round "2.5"]
[White "Pancu, Aureliana-Eugenia"]
[Black "Marcu, Daria-Ana"]
[Result "1-0"]
[WhiteElo "1878"]
[BlackElo "1533"]
[Annotator "NA RC"]
[PlyCount "91"]
[EventDate "2021.04.19"]
[EventType "swiss"]
[EventCountry "ROU"]
[SourceTitle "playchess.com"]
[Source "ChessBase"]
[SourceQuality "1"]
[TimeControl "5400+30"]

1. Nf3 {[%emt 0:00:00]} d5 {[%emt 0:00:00]} 2. g3 {[%emt 0:00:00]} Nf6 {[%emt 0:00:00]} 3. Bg2 {[%emt 0:00:00]} c6 {[%emt 0:00:05]} 4. O-O {[%emt 0:01:17]} Bf5 {[%emt 0:00:12]} 5. d3 {[%emt 0:00:39]} e6 {[%emt 0:00:12]} 6. Nbd2 {[%emt 0:02:39]} c5 {[%emt 0:00:29]} 7. Qe1 {[%emt 0:01:28]} Nc6 {[%emt 0:01:38]} 8. c3 {[%emt 0:01:57]} Be7 {[%emt 0:00:57]} 9. e4 {[%emt 0:02:45]} dxe4 {[%emt 0:01:10]} 10. dxe4 {[%emt 0:00:09]} Bg6 {[%emt 0:00:37]} 11. Qe2 {[%emt 0:04:24]} a6 $16 {[%emt 0:02:47]} (11... O-O $11) 12. h3 {[%emt 0:12:17]} h6 {[%emt 0:01:49]} 13. Re1 O-O {[%emt 0:00:30]} 14. Nh4 {[%emt 0:03:02]} Bh7 {[%emt 0:02:49]} 15. f4 {[%emt 0:04:03]} e5 {[%emt 0:02:43]} 16. f5 {[%emt 0:00:38]} b5 {[%emt 0:00:52]} 17. Nf1 {[%emt 0:04:04]} Qc7 18. Be3 {[%emt 0:00:38]} Nd7 {[%emt 0:08:12]} 19. Nf3 {[%emt 0:04:56]} c4 20. Red1 {[%emt 0:04:01]} Rad8 21. Qf2 {[%emt 0:06:55]} Qb7 {[%emt 0:10:04]} 22. Ne1 {[%emt 0:03:49]} Nf6 23. Qc2 {[%emt 0:09:07]} Nb8 {[%emt 0:11:07]} 24. g4 {[%emt 0:00:00]} Nbd7 {[%emt 0:01:03]} 25. Ng3 {[%emt 0:00:00]} Nc5 {[%emt 0:09:49]} 26. Kh1 {[%emt 0:00:00]} Nfd7 {[%emt 0:05:03]} 27. Rd5 {[%emt 0:00:00]} Bh4 {[%emt 0:04:02]} 28. Kh2 {[%emt 0:00:00]} Be7 {[%emt 0:04:34]} 29. Rad1 {[%emt 0:00:17]} Rc8 {[%emt 0:01:50]} 30. Qf2 {[%emt 0:00:33]} Rc7 {[%emt 0:08:57]} 31. Nh5 {[%emt 0:07:22]} Rfc8 {[%emt 0:06:46]} 32. Qc2 {[%emt 0:09:03]} Nb6 {[%emt 0:04:09]} 33. R5d2 {[%emt 0:01:46]} Rd7 {[%emt 0:02:17]} 34. Rxd7 {[%emt 0:00:38]} Nbxd7 {[%emt 0:00:07]} 35. Rd2 {[%emt 0:02:09]} Bh4 {[%emt 0:01:37]} 36. Nf3 {[%emt 0:00:54]} Be7 {[%emt 0:00:10]} 37. Ng1 {[%emt 0:03:01]} Nd3 {[%emt 0:00:50]} 38. b4 {[%emt 0:03:32]} Rd8 {[%emt 0:04:34]} 39. Qd1 {[%emt 0:00:08]} Bh4 {[%emt 0:03:57]} 40. Nf3 {[%emt 0:00:43]} Qxe4 {[%emt 0:02:21]} 41. Bxh6 {[%emt 0:03:52]} gxh6 {[%emt 0:01:15]} 42. Nxh4 {[%emt 0:00:08]} Qe1 {[%emt 0:00:31]} 43. Qxe1 {[%emt 0:00:33]} Nxe1 {[%emt 0:00:03]} 44. Rxd7 {[%emt 0:00:15]} Rxd7 {[%emt 0:00:21]} 45. Nf6+ {[%emt 0:00:10]} Kg7 {[%emt 0:00:05]} 46. Nxd7 {[%emt 0:00:16]} 1-0

[Event "ROU-ch Women 2021"]
[Site "Iasi"]
[Date "2021.04.20"]
[Round "2.6"]
[White "Pirvan, Maria"]
[Black "Maria, Lia-Alexandra"]
[Result "0-1"]
[WhiteElo "1529"]
[BlackElo "1713"]
[Annotator "NA RC"]
[PlyCount "64"]
[EventDate "2021.04.19"]
[EventType "swiss"]
[EventCountry "ROU"]
[SourceTitle "playchess.com"]
[Source "ChessBase"]
[SourceQuality "1"]
[TimeControl "5400+30"]

1. e4 {[%emt 0:00:00]} c5 {[%emt 0:00:00]} 2. Nf3 {[%emt 0:00:00]} e6 {[%emt 0:00:00]} 3. d4 {[%emt 0:00:00]} cxd4 {[%emt 0:00:00]} 4. Nxd4 {[%emt 0:00:00]} Nf6 {[%emt 0:08:54]} 5. Bd3 {[%emt 0:09:32]} a6 {[%emt 0:00:00]} 6. O-O {[%emt 0:04:36]} Qc7 {[%emt 0:00:00]} 7. Kh1 {[%emt 0:11:15]} d6 {[%emt 0:00:03]} 8. f4 {[%emt 0:03:26]} Nbd7 {[%emt 0:02:18]} 9. Qe2 {[%emt 0:07:27]} b5 {[%emt 0:15:01]} 10. Bxb5 {[%emt 0:25:10]} axb5 {[%emt 0:04:10]} 11. Nxb5 {[%emt 0:00:09]} Qc6 {[%emt 0:01:20]} 12. e5 {[%emt 0:04:26]} Nd5 {[%emt 0:05:57]} 13. exd6 {[%emt 0:09:47]} Bxd6 {[%emt 0:02:53]} 14. c4 {[%emt 0:15:00]} Nc7 {[%emt 0:06:11]} 15. f5 {[%emt 0:02:22]} e5 {[%emt 0:04:06]} 16. Qg4 {[%emt 0:01:44]} Nxb5 {[%emt 0:06:09]} 17. Qxg7 {[%emt 0:01:23]} Rf8 {[%emt 0:00:46]} 18. cxb5 {[%emt 0:00:47]} Qxb5 {[%emt 0:00:34]} 19. Rd1 {[%emt 0:01:20]} Bb4 {[%emt 0:02:55]} 20. Nc3 {[%emt 0:00:59]} Bxc3 {[%emt 0:00:27]} 21. bxc3 {[%emt 0:00:06]} Qc4 {[%emt 0:00:46]} 22. Bh6 {[%emt 0:00:58]} Rxa2 {[%emt 0:02:38]} 23. Rxa2 {[%emt 0:00:26]} Qxa2 {[%emt 0:00:16]} 24. Bg5 {[%emt 0:00:31]} f6 {[%emt 0:04:30]} 25. Bd2 {[%emt 0:00:27]} Qc2 {[%emt 0:00:28]} 26. Qg4 {[%emt 0:00:21]} Bb7 {[%emt 0:01:44]} 27. c4 {[%emt 0:00:46]} Nc5 {[%emt 0:02:15]} 28. Qh5+ {[%emt 0:00:27]} Rf7 {[%emt 0:00:29]} 29. Qg4 {[%emt 0:00:30]} Nd3 {[%emt 0:01:35]} 30. Qe2 {[%emt 0:00:33]} Bxg2+ {[%emt 0:01:23]} 31. Kg1 {[%emt 0:00:25]} Rg7 {[%emt 0:01:29]} 32. Qh5+ {[%emt 0:00:20]} Ke7 {[%emt 0:01:04]} 0-1

[Event "ROU-ch Women 2021"]
[Site "Iasi"]
[Date "2021.04.20"]
[Round "3.1"]
[White "Ciolacu, Alessia-Mihaela"]
[Black "Peptan, Corina-Isabela"]
[Result "1-0"]
[WhiteElo "2052"]
[BlackElo "2392"]
[Annotator "NA"]
[PlyCount "71"]
[EventDate "2021.04.19"]
[EventType "swiss"]
[EventCountry "ROU"]
[SourceTitle "playchess.com"]
[Source "ChessBase"]
[SourceQuality "1"]
[TimeControl "5400+30"]

1. d4 {[%emt 0:00:00]} Nf6 {[%emt 0:04:49]} 2. c4 {[%emt 0:00:00]} e6 {[%emt 0:00:15]} 3. Nc3 {[%emt 0:00:00]} Bb4 {[%emt 0:00:08]} 4. f3 {[%emt 0:00:00]} d5 {[%emt 0:01:56]} 5. a3 {[%emt 0:00:00]} Bxc3+ {[%emt 0:02:25]} 6. bxc3 {[%emt 0:00:02]} c5 {[%emt 0:00:07]} 7. cxd5 {[%emt 0:00:13]} Nxd5 {[%emt 0:00:47]} 8. dxc5 {[%emt 0:00:17]} O-O {[%emt 0:02:48]} ({Of course not} 8... Nxc3 9. Qxd8+ Kxd8 10. Bb2 $16) (8... f5 $11 {keeps the balance.}) 9. e4 {[%emt 0:03:31]} Nf6 $16 {[%emt 0:04:14]} 10. Be3 {[%emt 0:07:39]} Qa5 {[%emt 0:01:21]} 11. Qb3 {[%emt 0:00:39]} Na6 {[%emt 0:01:26]} 12. a4 {[%emt 0:07:41]} Bd7 {[%emt 0:05:44]} 13. Bxa6 {[%emt 0:06:06]} Qxa6 {[%emt 0:01:12]} 14. Ne2 {[%emt 0:01:05]} Bc6 {[%emt 0:03:11]} 15. c4 {[%emt 0:20:43]} Nd7 {[%emt 0:03:47]} 16. Bd4 {[%emt 0:02:44]} e5 {[%emt 0:10:47]} 17. Be3 {[%emt 0:01:59]} Rfb8 {[%emt 0:02:36]} 18. O-O {[%emt 0:04:07]} b6 {[%emt 0:00:53]} 19. cxb6 {[%emt 0:08:34]} Nxb6 {[%emt 0:01:00]} 20. Bxb6 {[%emt 0:00:20]} Rxb6 {[%emt 0:04:27]} 21. Qc3 {[%emt 0:03:00]} Rab8 {[%emt 0:01:49]} 22. a5 {[%emt 0:08:33]} Rb4 {[%emt 0:06:44]} 23. Qxe5 {[%emt 0:00:38]} Qxc4 {[%emt 0:00:07]} 24. Nf4 {[%emt 0:01:33]} R4b5 {[%emt 0:09:52]} 25. Qd6 {[%emt 0:01:38]} Qc3 {[%emt 0:05:03]} 26. Rac1 {[%emt 0:06:54]} Qe3+ {[%emt 0:00:09]} 27. Kh1 {[%emt 0:00:05]} Ba8 {[%emt 0:06:14]} 28. Rfe1 {[%emt 0:01:54]} Qb3 {[%emt 0:02:51]} 29. Qd7 {[%emt 0:01:47]} Qb4 {[%emt 0:05:44]} 30. a6 {[%emt 0:05:59]} g6 {[%emt 0:05:31]} 31. Red1 {[%emt 0:01:06]} Bxe4 {[%emt 0:06:20]} 32. fxe4 {[%emt 0:01:46]} Qxe4 {[%emt 0:00:01]} 33. Nd5 {[%emt 0:01:27]} Qe5 {[%emt 0:01:04]} 34. Ne7+ {[%emt 0:00:54]} Kg7 {[%emt 0:01:07]} 35. Nc6 {[%emt 0:00:06]} Qe2 {[%emt 0:00:26]} 36. Nxb8 {[%emt 0:00:10]} 1-0

[Event "ROU-ch Women 2021"]
[Site "Iasi"]
[Date "2021.04.20"]
[Round "3.2"]
[White "Sandu, Mihaela"]
[Black "Lehaci, Miruna-Daria"]
[Result "1/2-1/2"]
[WhiteElo "2268"]
[BlackElo "2188"]
[Annotator "NA"]
[PlyCount "139"]
[EventDate "2021.04.19"]
[EventType "swiss"]
[EventCountry "ROU"]
[SourceTitle "playchess.com"]
[Source "ChessBase"]
[SourceQuality "1"]
[TimeControl "5400+30"]

1. e4 {[%emt 0:00:00]} c5 {[%emt 0:04:28]} 2. Nf3 {[%emt 0:00:00]} d6 {[%emt 0:00:03]} 3. d4 {[%emt 0:00:00]} cxd4 {[%emt 0:00:07]} 4. Nxd4 {[%emt 0:00:16]} Nf6 {[%emt 0:00:06]} 5. Nc3 {[%emt 0:00:03]} Nc6 {[%emt 0:00:04]} 6. Be2 {[%emt 0:00:20]} e5 {[%emt 0:00:12]} 7. Nf3 {[%emt 0:00:37]} h6 {[%emt 0:00:12]} 8. O-O {[%emt 0:00:11]} Be7 {[%emt 0:00:04]} 9. Re1 {[%emt 0:00:55]} O-O {[%emt 0:00:06]} 10. h3 {[%emt 0:01:52]} Be6 {[%emt 0:00:09]} 11. Bf1 {[%emt 0:00:03]} Qa5 {[%emt 0:00:12]} 12. Bd2 {[%emt 0:01:39]} Qd8 {[%emt 0:07:09]} 13. a4 {[%emt 0:14:05]} Re8 {[%emt 0:00:00]} 14. Nb5 {[%emt 0:05:16]} a6 {[%emt 0:01:53]} 15. Na3 {[%emt 0:00:48]} d5 {[%emt 0:00:24]} 16. exd5 {[%emt 0:00:17]} Nxd5 {[%emt 0:08:12]} 17. c4 {[%emt 0:08:08]} Nc7 {[%emt 0:00:00]} 18. Nc2 {[%emt 0:13:49]} f6 {[%emt 0:03:42]} 19. b4 {[%emt 0:00:00]} Bf7 {[%emt 0:09:40]} 20. b5 {[%emt 0:00:00]} Nd4 {[%emt 0:03:46]} 21. Nfxd4 {[%emt 0:04:15]} exd4 {[%emt 0:00:07]} 22. Qg4 {[%emt 0:02:57]} h5 {[%emt 0:18:24]} 23. Qxd4 {[%emt 0:01:13]} Qxd4 {[%emt 0:00:00]} 24. Nxd4 {[%emt 0:00:07]} axb5 {[%emt 0:01:37]} 25. axb5 {[%emt 0:04:25]} Rxa1 {[%emt 0:16:26]} 26. Rxa1 {[%emt 0:04:45]} Ne6 {[%emt 0:05:30]} 27. Nxe6 {[%emt 0:00:00]} Bxe6 {[%emt 0:03:51]} 28. Be3 {[%emt 0:05:24]} Bd6 {[%emt 0:06:58]} 29. Be2 {[%emt 0:11:15]} Rc8 {[%emt 0:00:00]} 30. Ra7 {[%emt 0:03:34]} Bxc4 {[%emt 0:00:00]} 31. Bxc4+ {[%emt 0:00:12]} Rxc4 {[%emt 0:00:00]} 32. Rxb7 {[%emt 0:00:15]} Bf4 {[%emt 0:00:00]} 33. Bxf4 {[%emt 0:03:33]} Rxf4 {[%emt 0:00:00]} 34. g3 {[%emt 0:00:11]} Rb4 {[%emt 0:00:00]} 35. h4 {[%emt 0:00:04]} Kh7 {[%emt 0:00:20]} 36. Kg2 {[%emt 0:00:32]} Kg6 {[%emt 0:00:43]} 37. b6 {[%emt 0:00:32]} Rb3 {[%emt 0:02:51]} 38. Rb8 {[%emt 0:02:29]} Kf5 {[%emt 0:07:43]} 39. b7 {[%emt 0:07:03]} Kg6 {[%emt 0:00:00]} 40. f3 {[%emt 0:01:14]} Rb2+ {[%emt 0:00:00]} 41. Kf1 {[%emt 0:00:06]} Kf5 {[%emt 0:00:00]} 42. Ke1 {[%emt 0:00:08]} Kg6 {[%emt 0:00:00]} 43. Kd1 {[%emt 0:04:51]} Rb3 {[%emt 0:00:00]} 44. Kc2 {[%emt 0:00:06]} Rb5 {[%emt 0:00:00]} 45. g4 {[%emt 0:01:34]} hxg4 {[%emt 0:00:00]} 46. fxg4 {[%emt 0:00:03]} Rb6 {[%emt 0:00:00]} 47. Kc3 {[%emt 0:00:36]} Rb1 {[%emt 0:00:00]} 48. Kc4 {[%emt 0:00:37]} Kf7 {[%emt 0:00:25]} 49. h5 {[%emt 0:00:11]} Rc1+ {[%emt 0:00:07]} 50. Kd3 {[%emt 0:00:15]} Rb1 {[%emt 0:00:19]} 51. Kc2 {[%emt 0:02:01]} Rb5 {[%emt 0:00:08]} 52. Kc3 {[%emt 0:00:56]} Rb1 {[%emt 0:00:05]} 53. Kc4 {[%emt 0:00:06]} Rc1+ {[%emt 0:00:07]} 54. Kd5 {[%emt 0:00:04]} Rd1+ {[%emt 0:00:13]} 55. Kc6 {[%emt 0:00:04]} Rc1+ {[%emt 0:00:07]} 56. Kd7 {[%emt 0:00:03]} Rd1+ {[%emt 0:00:04]} 57. Kc7 {[%emt 0:00:02]} Rc1+ {[%emt 0:00:04]} 58. Kd6 {[%emt 0:00:03]} Rd1+ {[%emt 0:00:05]} 59. Kc5 {[%emt 0:00:06]} Rc1+ {[%emt 0:00:05]} 60. Kd5 {[%emt 0:00:04]} Rd1+ {[%emt 0:00:05]} 61. Ke4 {[%emt 0:00:03]} Re1+ {[%emt 0:00:12]} 62. Kf5 {[%emt 0:00:30]} Rf1+ {[%emt 0:00:04]} 63. Ke4 {[%emt 0:00:03]} Re1+ {[%emt 0:00:04]} 64. Kf4 {[%emt 0:00:07]} Rf1+ {[%emt 0:00:04]} 65. Kg3 {[%emt 0:00:03]} Rg1+ {[%emt 0:00:19]} 66. Kf2 {[%emt 0:00:11]} Rb1 {[%emt 0:00:04]} 67. Kg2 {[%emt 0:01:52]} Rb3 {[%emt 0:00:21]} 68. h6 {[%emt 0:00:06]} Kg6 {[%emt 0:00:18]} 69. hxg7 {[%emt 0:00:12]} Kxg7 {[%emt 0:00:04]} 70. Kf2 {[%emt 0:00:04]} 1/2-1/2

[Event "ROU-ch Women 2021"]
[Site "Iasi"]
[Date "2021.04.20"]
[Round "3.3"]
[White "Obada, Ema"]
[Black "Pancu, Aureliana-Eugenia"]
[Result "1-0"]
[WhiteElo "1940"]
[BlackElo "1878"]
[Annotator "NA"]
[PlyCount "63"]
[EventDate "2021.04.19"]
[EventType "swiss"]
[EventCountry "ROU"]
[SourceTitle "playchess.com"]
[Source "ChessBase"]
[SourceQuality "1"]
[TimeControl "5400+30"]

1. e4 {[%emt 0:00:00]} e6 {[%emt 0:00:00]} 2. d3 {[%emt 0:00:00]} d5 {[%emt 0:00:21]} 3. Nd2 {[%emt 0:00:00]} Nf6 {[%emt 0:00:46]} 4. g3 {[%emt 0:00:10]} dxe4 {[%emt 0:02:00]} 5. dxe4 {[%emt 0:00:07]} e5 {[%emt 0:03:06]} 6. Bg2 {[%emt 0:01:17]} Bc5 {[%emt 0:01:42]} 7. Ngf3 {[%emt 0:01:20]} Nc6 {[%emt 0:02:09]} 8. O-O {[%emt 0:00:36]} O-O {[%emt 0:00:15]} 9. c3 {[%emt 0:01:04]} Bg4 {[%emt 0:01:49]} 10. h3 {[%emt 0:01:17]} Bh5 {[%emt 0:01:40]} 11. Qe2 {[%emt 0:01:22]} Qe7 {[%emt 0:08:00]} 12. b4 {[%emt 0:02:34]} Bd6 {[%emt 0:02:50]} 13. Nc4 {[%emt 0:08:51]} Qe6 {[%emt 0:03:41]} 14. g4 {[%emt 0:11:44]} Bg6 {[%emt 0:00:39]} 15. Nh4 {[%emt 0:01:03]} h6 {[%emt 0:12:28]} 16. Nf5 {[%emt 0:03:57]} a6 {[%emt 0:02:19]} 17. Be3 {[%emt 0:02:09]} Rfd8 {[%emt 0:02:17]} 18. a4 {[%emt 0:09:06]} Bf8 {[%emt 0:05:18]} 19. Nd2 {[%emt 0:04:19]} Rd7 {[%emt 0:00:50]} 20. h4 {[%emt 0:12:18]} Rad8 {[%emt 0:01:35]} 21. Bh3 {[%emt 0:01:29]} Bxf5 {[%emt 0:02:23]} 22. exf5 {[%emt 0:01:54]} Qd5 {[%emt 0:03:43]} 23. g5 {[%emt 0:06:16]} hxg5 {[%emt 0:02:59]} 24. hxg5 {[%emt 0:01:07]} Ne4 {[%emt 0:00:17]} 25. c4 {[%emt 0:01:02]} Nc3 {[%emt 0:01:18]} 26. Qh5 {[%emt 0:00:23]} Qd3 {[%emt 0:06:25]} 27. g6 {[%emt 0:00:38]} Bxb4 {[%emt 0:00:51]} 28. Qh7+ {[%emt 0:01:09]} Kf8 {[%emt 0:00:02]} 29. Qh8+ {[%emt 0:06:38]} Ke7 {[%emt 0:00:34]} 30. Qxg7 {[%emt 0:00:19]} Ke8 {[%emt 0:05:40]} 31. c5 {[%emt 0:02:18]} Qd5 {[%emt 0:20:36]} 32. Qh8+ {[%emt 0:00:09]} 1-0

[Event "ROU-ch Women 2021"]
[Site "Iasi"]
[Date "2021.04.20"]
[Round "3.4"]
[White "Maria, Lia-Alexandra"]
[Black "Andries, Alexia"]
[Result "1-0"]
[WhiteElo "1713"]
[BlackElo "1553"]
[Annotator "NA"]
[PlyCount "85"]
[EventDate "2021.04.19"]
[EventType "swiss"]
[EventCountry "ROU"]
[SourceTitle "playchess.com"]
[Source "ChessBase"]
[SourceQuality "1"]
[TimeControl "5400+30"]

1. e4 {[%emt 0:00:00]} c5 {[%emt 0:00:00]} 2. Nf3 {[%emt 0:00:00]} e6 {[%emt 0:00:31]} 3. d4 {[%emt 0:00:00]} cxd4 {[%emt 0:00:16]} 4. Nxd4 {[%emt 0:00:11]} a6 {[%emt 0:00:06]} 5. Bd3 {[%emt 0:00:20]} Nf6 {[%emt 0:03:05]} 6. O-O {[%emt 0:00:32]} d6 {[%emt 0:01:45]} 7. Nd2 {[%emt 0:01:11]} Be7 {[%emt 0:02:51]} 8. a4 {[%emt 0:03:03]} b6 {[%emt 0:02:27]} 9. Nc4 {[%emt 0:02:32]} Bb7 {[%emt 0:00:45]} 10. Re1 {[%emt 0:01:36]} Nbd7 {[%emt 0:03:34]} 11. b4 {[%emt 0:06:43]} d5 {[%emt 0:06:03]} 12. exd5 {[%emt 0:01:15]} Nxd5 {[%emt 0:02:04]} 13. b5 {[%emt 0:01:41]} axb5 {[%emt 0:00:28]} 14. Nxb5 {[%emt 0:00:36]} O-O {[%emt 0:00:27]} 15. c3 {[%emt 0:07:14]} Nc5 {[%emt 0:04:50]} 16. Bc2 {[%emt 0:03:43]} Ba6 {[%emt 0:03:42]} 17. Bd2 {[%emt 0:03:53]} Bf6 {[%emt 0:12:54]} 18. Qh5 {[%emt 0:03:19]} g6 {[%emt 0:01:04]} 19. Qf3 {[%emt 0:00:36]} Bg7 {[%emt 0:01:03]} 20. Qg3 {[%emt 0:08:24]} Bb7 {[%emt 0:06:47]} 21. h4 {[%emt 0:03:08]} Qb8 {[%emt 0:10:27]} 22. Ncd6 {[%emt 0:04:52]} Bc6 {[%emt 0:01:59]} 23. Qh3 {[%emt 0:05:38]} Nb7 {[%emt 0:05:46]} 24. Ne4 {[%emt 0:04:00]} Na5 {[%emt 0:01:59]} 25. Rab1 {[%emt 0:13:29]} Nc4 {[%emt 0:01:50]} 26. Bc1 {[%emt 0:02:53]} Re8 {[%emt 0:07:36]} 27. Bb3 {[%emt 0:07:37]} Na5 {[%emt 0:00:30]} 28. Ba2 {[%emt 0:01:03]} h6 {[%emt 0:04:10]} 29. c4 {[%emt 0:01:37]} Ne7 {[%emt 0:01:08]} 30. Ned6 {[%emt 0:00:45]} Rd8 {[%emt 0:02:02]} 31. Nxf7 {[%emt 0:01:18]} Kxf7 {[%emt 0:02:37]} 32. Qxe6+ {[%emt 0:00:09]} Kf8 {[%emt 0:00:04]} 33. Qxe7+ {[%emt 0:00:27]} Kg8 {[%emt 0:00:07]} 34. c5+ {[%emt 0:01:29]} Kh8 {[%emt 0:00:07]} 35. Nd6 {[%emt 0:01:15]} Rd7 {[%emt 0:01:29]} 36. Qe6 {[%emt 0:01:43]} Kh7 {[%emt 0:01:13]} 37. h5 {[%emt 0:00:49]} g5 {[%emt 0:00:12]} 38. Qg6+ {[%emt 0:00:28]} Kh8 {[%emt 0:00:06]} 39. Bb2 {[%emt 0:02:05]} Bxb2 {[%emt 0:00:34]} 40. Qxh6+ {[%emt 0:00:38]} Rh7 {[%emt 0:00:06]} 41. Nf7+ {[%emt 0:00:08]} Kg8 {[%emt 0:00:07]} 42. Nxg5+ {[%emt 0:00:07]} Kh8 {[%emt 0:00:10]} 43. Qxh7# {[%emt 0:00:09]} 1-0

[Event "ROU-ch Women 2021"]
[Site "Iasi"]
[Date "2021.04.20"]
[Round "3.5"]
[White "Cosman, Andreea-Marioara"]
[Black "Anghel, Maria"]
[Result "1-0"]
[WhiteElo "2164"]
[BlackElo "1918"]
[Annotator "NA"]
[PlyCount "87"]
[EventDate "2021.04.19"]
[EventType "swiss"]
[EventCountry "ROU"]
[SourceTitle "playchess.com"]
[Source "ChessBase"]
[SourceQuality "1"]
[TimeControl "5400+30"]

1. d4 {[%emt 0:01:55]} d5 {[%emt 0:00:00]} 2. c4 {[%emt 0:00:08]} dxc4 {[%emt 0:00:08]} 3. Nf3 {[%emt 0:00:07]} Nf6 {[%emt 0:00:07]} 4. e3 {[%emt 0:00:04]} a6 {[%emt 0:00:06]} 5. Bxc4 {[%emt 0:00:05]} e6 {[%emt 0:00:07]} 6. O-O {[%emt 0:00:10]} c5 {[%emt 0:00:19]} 7. b3 {[%emt 0:01:07]} cxd4 {[%emt 0:00:18]} 8. Nxd4 {[%emt 0:01:35]} Bd6 {[%emt 0:00:27]} 9. Be2 {[%emt 0:09:04]} e5 {[%emt 0:01:41]} 10. Nf3 {[%emt 0:00:57]} O-O {[%emt 0:00:42]} 11. Ba3 {[%emt 0:02:17]} Bxa3 {[%emt 0:07:20]} 12. Nxa3 {[%emt 0:05:28]} Qe7 {[%emt 0:13:24]} 13. Nc4 {[%emt 0:00:09]} Rd8 {[%emt 0:05:39]} 14. Qc2 {[%emt 0:00:18]} Nc6 {[%emt 0:02:41]} 15. Rfd1 {[%emt 0:10:29]} Bg4 {[%emt 0:07:25]} 16. h3 {[%emt 0:11:34]} Bh5 {[%emt 0:08:55]} 17. Qb2 {[%emt 0:13:55]} Bxf3 {[%emt 0:14:56]} 18. Bxf3 {[%emt 0:01:07]} e4 {[%emt 0:00:29]} 19. Be2 {[%emt 0:00:52]} b5 {[%emt 0:00:59]} 20. Na3 {[%emt 0:03:02]} Nb4 {[%emt 0:14:14]} 21. Nc2 {[%emt 0:03:06]} Nxc2 {[%emt 0:02:17]} 22. Qxc2 {[%emt 0:00:16]} Rac8 {[%emt 0:03:41]} 23. Rxd8+ {[%emt 0:03:34]} Qxd8 {[%emt 0:02:25]} 24. Rd1 {[%emt 0:00:58]} Qe8 {[%emt 0:02:35]} 25. Qd2 {[%emt 0:01:38]} h6 {[%emt 0:01:34]} 26. Qa5 {[%emt 0:02:44]} Qc6 {[%emt 0:01:38]} 27. a4 {[%emt 0:02:22]} Rb8 {[%emt 0:03:19]} 28. axb5 {[%emt 0:04:16]} axb5 {[%emt 0:00:16]} 29. Rd8+ {[%emt 0:00:47]} Rxd8 {[%emt 0:00:23]} 30. Qxd8+ {[%emt 0:00:04]} Kh7 {[%emt 0:00:28]} 31. Qb8 {[%emt 0:00:07]} Qc1+ {[%emt 0:01:33]} 32. Bf1 {[%emt 0:01:19]} Nd5 {[%emt 0:04:04]} 33. Qxb5 {[%emt 0:00:41]} Nc3 {[%emt 0:00:44]} 34. Qc4 {[%emt 0:00:31]} f5 {[%emt 0:01:31]} 35. b4 {[%emt 0:00:20]} Qd2 {[%emt 0:00:29]} 36. b5 {[%emt 0:01:30]} Nd1 {[%emt 0:00:34]} 37. Qe2 {[%emt 0:00:48]} Qd6 {[%emt 0:00:29]} 38. b6 {[%emt 0:02:10]} Nc3 {[%emt 0:00:26]} 39. Qc4 {[%emt 0:01:58]} Nd5 {[%emt 0:00:29]} 40. b7 {[%emt 0:00:53]} Qd8 {[%emt 0:00:36]} 41. Qxd5 {[%emt 0:00:06]} Qxd5 {[%emt 0:00:25]} 42. b8=Q {[%emt 0:00:08]} Qd1 {[%emt 0:00:34]} 43. Qe5 {[%emt 0:00:57]} Qd7 {[%emt 0:00:27]} 44. Bc4 {[%emt 0:00:22]} 1-0